000 00639cam0a220021700 4500
001 zam00002349
008 951128s1977 xx eng u
035 _a(Sirsi) r19725
035 _a(MACHINE)SLC.
100 0 _aA. S. Amin, 1929-
_dA. S. Amin, 1929-
_6A80710.1
245 1 0 _aImperialism and unequal development.
260 _c1977.
949 _aHB501
_wlcc
_mMAIN
_p2500
_tSHORTLOAN
_lSHORTLOAN
004 19725
591 _aClass code: H 240.
591 _aCourse: Studies in the growth of capitalism.
591 _aSchool: S05.
591 _aLecturer: Dr. KALIKITI, W.S.
591 _aNumber of Students: 12.
909 _aBook
999 _c8314
_d8314